Score 0/50 Timer 07:00
3 Plays Today
% Correct
Legally Blonde
95.6%
A Good Day to Die Hard
91.9%
Mrs. Doubtfire
89.6%
Sweet Home Alabama
88.9%
The Sixth Sense
88.4%
Titanic
88%
Dead Poets Society
87.9%
The Lord of the Rings: The Fellowship of the Ring
87.1%
Good Morning, Vietnam
86.2%
Alien
86.1%
Malcolm X
85.9%
Good Will Hunting
85.7%
Walk the Line
85.5%
Bridesmaids
85.1%
Training Day
83.5%
The Fifth Element
79.8%
The Book of Eli
79.5%
Boogie Nights
75.7%
The Fighter
74.7%
Night at the Museum
74.3%
Philadelphia
72.1%
The Departed
71.4%
Pleasantville
71.1%
Cruel Intentions
69.9%
Pulp Fiction
69.6%
% Correct
The Hurricane
69.2%
Brokeback Mountain
67.8%
The Reader
66.7%
Revolutionary Road
66%
Avatar
65.5%
My Week with Marilyn
64.5%
Finding Neverland
64.3%
Anchorman 2: The Legend Continues
64.3%
Galaxy Quest
62.9%
Planet of the Apes
62.3%
The Whole Nine Yards
62%
Working Girl
57.1%
The Secret Life of Walter Mitty
56.2%
Blue Valentine
55.8%
MacGruber
54.8%
The Good Son
52.4%
Green Street Hooligans
45.9%
The Faculty
45.9%
Whip It
44.9%
Oz the Great and Powerful
43.6%
Shutter Island
38.5%
Deep Impact
37%
Contagion
36.5%
The Basketball Diaries
35.2%
The Village
29.8%
Remove Ads.
Support Sporcle.
Get the best of Sporcle when you Go Orange. This ad-free experience offers more features, more stats, and more fun while also helping to support Sporcle. Thank you for becoming a member.

You're not logged in!

Compare scores with friends on all Sporcle quizzes.
OR
Log In

Show Comments

Extras

Top Quizzes Today


Score Distribution

Your Account Isn't Verified!

In order to create a playlist on Sporcle, you need to verify the email address you used during registration. Go to your Sporcle Settings to finish the process.

Report this User

Report this user for behavior that violates our Community Guidelines.

Details: